Fantasticism : poetics of fantastic literature : the imaginary and rhetoric /

Bibliographic Details
Main Author: Chen, Fanfan
Format: Book
Language:English
Language Notes:Preface in French.
Published: Frankfurt am Main ; New York : Peter Lang, [2007]
Series:Alph. Bd. 1.
Subjects:

MARC

Tag First Indicator Second Indicator Subfields
LEADER 00000cam a2200000Ia 4500
001 in00002361421
005 20151108091521.0
008 071016s2007 gw b 001 0 eng d
020 |a 3631565143 
020 |a 9783631565148 
035 |a (OCoLC)ocn174450102 
035 |a (OCoLC)174450102 
040 |a YDXCP  |c YDXCP  |d BTCTA  |d BAKER  |d TXA  |d UtOrBLW 
041 0 |a eng  |b fre 
049 |a TXAM 
090 |a PN56.F34  |b C54 2007 
100 1 |a Chen, Fanfan. 
245 1 0 |a Fantasticism :  |b poetics of fantastic literature : the imaginary and rhetoric /  |c Fanfan Chen. 
264 1 |a Frankfurt am Main ;  |a New York :  |b Peter Lang,  |c [2007] 
264 4 |c ©2007 
300 |a 375 pages ;  |c 21 cm. 
336 |a text  |b txt  |2 rdacontent 
337 |a unmediated  |b n  |2 rdamedia 
338 |a volume  |b nc  |2 rdacarrier 
490 1 |a Alph,  |x 1864-323X ;  |v Bd. 1 
546 |a Preface in French. 
504 |a Includes bibliographical references (pages [345]-365) and index. 
650 0 |a Fantasy literature  |x History and criticism. 
830 0 |a Alph.  |x 1864-323X ;  |v Bd. 1. 
938 |a YBP Library Services  |b YANK  |n 2715375 
938 |a Baker and Taylor  |b BTCP  |n BK0007456809 
938 |a Baker & Taylor  |b BKTY  |c 68.95  |d 68.95  |i 3631565143  |n 0007456809  |s active 
945 |a PromptCat  |b 350303 
946 |a stk 
947 |a A14836830032 
994 |a C0  |b TXA 
948 |a cataloged  |b h  |c 2008/3/10  |d c  |e nbehmer  |f 10:50:25 am 
999 |a MARS 
999 f f |s 14901dc4-a6cd-3721-b9cb-3e3f054f7600  |i ca6511ab-3783-3191-b772-dfd442b1cf7d  |t 0 
952 f f |p normal  |a Texas A&M University  |b College Station  |c Sterling C. Evans Library  |d Evans: Library Stacks  |t 0  |e PN56.F34 C54 2007  |h Library of Congress classification  |i unmediated -- volume  |m A14836830032 
998 f f |a PN56.F34 C54 2007  |t 0  |l Evans: Library Stacks